00963nam a2200277Ia 450000500170000000800410001702000180005810000280007624500810010425000180018530000250020349000220022853400330025065000460028365000500032965000410037965000440042065000340046470000250049826400280052333600270055133700330057833800280061104000350063908400110067420220317001331.0161108s9999 sp g 000 0 spa  a97884953112141 aVerne, Juliod1828-190510aViaje al centro de la tierracJules Verne ; traducción Victoriano Tataña a5a. edición a252 páginasc19 cm aEl barco de papel tVoyage au centre de la terre142LEMBaNovela juvenil francesa ySiglo XIX14aNovela juvenil fantástica ySiglo XIX2LEMB142LEMBaLiteratura francesaySiglo XIX142LEMBaNarraciones de ciencia ficción 142LEMB aHistoria de aventuras 1 aTataña, Victoriano aMadridbJorge A. Mestas atextobtxt2rdacontent asin mediaciónbn2rdamedia avolumenbnc2rdacarrier aCO-BoRNBPbspaerdacCO-BoRNBP aN VER2